Un triangolo rosa : una storia d'amore con la A maiuscola /

Saved in:
Bibliografiske detaljer
Hovedforfatter: Arigotti, Paolo (Author)
Format: Bog
Sprog:italiensk
Udgivet: Livorno : CTL, 2020
Tags: Tilføj Tag
Ingen Tags, Vær først til at tagge denne postø!

MARC

LEADER 00000nam a22000007i 4500
001 IT\ICCU\RT1\0132876
003 ItRI
005 20240201171919.0
008 210310s2020 it |||||| ||||| |||||c
020 |a 9788833871806 
040 |b ita  |c C 
041 7 |a ita  |2 ISO-639-2 
082 |a 853.92  |2 23 
100 1 |a Arigotti, Paolo  |0 IT\ICCU\CFIV\349131  |4 aut 
240 1 3 |a Un triangolo rosa  |9 Arigotti, Paolo 
245 1 3 |a Un triangolo rosa :  |b una storia d'amore con la A maiuscola /  |c Paolo Arigotti. 
260 |a Livorno :  |b CTL,  |c 2020 
300 |a 384 p. ;  |c 24 cm 
942 |2 ddc  |c BK 
952 |0 0  |1 0  |2 ddc  |4 0  |7 1  |9 598  |a RI  |b RI  |d 2024-02-01  |l 0  |p 1184  |r 2024-02-01 17:19:59  |w 2024-02-01  |y BK 
981 1 |6 z01  |a i   |b xxxe  
982 1 |6 z01  |a n 
999 |c 536  |d 536